Wildbiologische Informationen für den Jäger

Saved in:
Bibliographic Details
Main Author: Müller, Franz
Format: Book
Language:German
Published: Remagen Verlag Kessel 2006
Edition:1. Auflage
Subjects:
Tags: Add Tag
No Tags, Be the first to tag this record!

MARC

LEADER 00000nam a2200000 4500
001 0303833
005 20250108145704.1
020 |a 3-935638-60-4 
041 0 |a ger 
044 |a DE 
245 1 0 |a Wildbiologische Informationen für den Jäger  |c Franz Müller 
250 |a 1. Auflage 
264 1 |a Remagen  |b Verlag Kessel  |c 2006 
300 |a 729 s. 
610 2 0 |a nemčina 
610 2 0 |a jazyky cudzie 
610 2 0 |a zásoba slovná 
610 2 0 |a biológia 
100 1 |a Müller, Franz